| 000 | 01511nam1a22003011i 4500 | ||
|---|---|---|---|
| 001 | rc\2910472 | ||
| 005 | 20240723202558.0 | ||
| 035 | _a(NLR Aleph) 007061216 | ||
| 090 |
_a6287280 _c6287280 |
||
| 100 | _a20110806d1935 |||y0rusy50 ca | ||
| 101 | 1 |
_arus _cger |
|
| 102 | _aRU | ||
| 105 | _ay z ||||| | ||
| 200 | 1 |
_aПроизводство стекла _fРоберт Дралле и Густав Кеппелер _gПер. с нем. В.В. Поляк, Б.М. Фромберга и К.П. Мельникова _gПод ред. и с доп. проф. Г. Ю. Жуковского, проф. И. И. Китайгородского и инженера Б. М. Фромберга |
|
| 210 |
_aМосква _cОНТИ. Гл. ред. хим. лит. _d1935 _eЛенинград _gтип. им. Евг. Соколовой |
||
| 215 | _d23х15 см | ||
| 300 | _aДоб. тит. л.: "Robert Dralle. Die glasfabrikation. 2, gänzlich umgearbeltete und verbesserte auflage. Herausgegeben von dr. Gustav Keppeler ... II band. München und Berlin. 1931. Verlag von R. Oldenburg" | ||
| 700 | 1 |
_aДралле _bР. _gРоберт |
|
| 701 | 1 |
_aКеппелер _bГ. _gГустав |
|
| 702 | 1 |
_aПоляк _bВ.В. _4730 |
|
| 702 | 1 |
_aФромберг _bБ.М. _4730 |
|
| 702 | 1 |
_aМельников _bК.П. _4730 |
|
| 702 | 1 |
_aЖуковский _bГ.Ю. _4340 |
|
| 702 | 1 |
_aКитайгородский _bИ.И. _4340 |
|
| 801 | 0 |
_aRU _bNLR _gpsbo |
|
| 801 | 1 |
_aRU _bELAR _2rusmarc |
|
| 852 |
_aNLR _j35-18/137(2-1) |
||
| 942 | _cBOOK | ||